000 00367nam a22001457a 4500
003 MACL
005 20190903171412.0
008 190903b xxu||||| |||| 00| 0 eng d
040 _cMACL
100 _aSharma, Seema
_976556
245 _aReiki for LIFE, Art of Healing
260 _aGuwahati
_bBhagwati Prakashan
_c2018
650 _aPhilosopy
_976557
942 _2ddc
_cBK
999 _c60942
_d60942